000 01855nam a22004457a 4500
003 CHAP
005 20220329135722.0
008 971013s1977 r 00010 d
010 _a41069
011 _a42041
035 _a46168
040 _cCHAP
082 _a428
_bM6
100 0 0 _aMountford, Alan.
_979132
245 _aEnglish in agriculture
260 _aOxford :
_bOxford University,
_c1977
300 _a133 p.
_b: ilus
490 _aEnglish in focus
500 _ac.6 sustituida por copia 1 de Crane, E.
590 _aBATCH-UPD
_b10
_c20130110
_lUCH01
_h1758
590 _aBATCH-UPD
_b10
_c20130410
_lUCH01
_h1134
590 _aBATCH-UPD
_b10
_c20130914
_lUCH01
_h1642
590 _aCONVERSION
_b10
_c20130109
_lUCH01
_h1323
650 1 4 _aInglés técnico.
_958346
650 1 4 _aInglés
_xEstudio y enseñanza.
_958340
830 0 _aEnglish in focus
_936984
901 _aBK
942 _cLIBRO
949 _a428 M6
_bBC
_cLIBRO
_d33724000433660
_eLIBRO
_fc.10
_h21616
_i46168
_si
_t208.00
949 _a428 M6
_bBC
_cLIBRO
_d33724000433892
_eLIBRO
_fc.5
_h21611
_i46168
_si
_t208.00
949 _a428 M6
_bBC
_cLIBRO
_d33724000433900
_eLIBRO
_fc.8
_h21614
_i46168
_si
_t208.00
949 _a428 M6
_bBC
_cLIBRO
_d33724000433918
_eLIBRO
_fc.7
_h21613
_i46168
_si
_t208.00
949 _a428 M6
_bBC
_cLIBRO
_d33724000433926
_eLIBRO
_fc.3
_h21609
_i46168
_si
_t208.00
949 _a428 M6
_bBC
_cLIBRO
_d33724000434007
_eLIBRO
_h48263
_i46168
_si
_t208.00
949 _a428 M6
_bBC
_cLIBRO
_d33724000434015
_eLIBRO
_fc.4
_h21610
_i46168
_si
_t208.00
949 _a428 M6
_bBC
_cLIBRO
_d33724000434023
_eLIBRO
_fc.9
_h21615
_i46168
_si
_t208.00
949 _a428 M6
_bBC
_cLIBRO
_d33724000434031
_eLIBRO
_fc.11
_h21617
_i46168
_si
_t208.00
949 _a428 M6
_bBC
_cLIBRO
_d33724000434049
_eLIBRO
_fc.2
_h21608
_i46168
_si
_t208.00
949 _a428 M6
_bBC
_cLIBRO
_d33724002175322
_eLIBRO
_fc.6
_h112695rep.
_i46168
_sb
999 _c41069
_d41069